005020000a22001570004500090001700000245006800017246005300085041001400138700002800152700002900180700002300209100002900232942001300261773005300274999001700327 aASbSeriadas10aEfecto sobre el ciclo celular de extractos de Euphorbia aphylla3 aCell cycle effects of Euphorbia aphylla extracts0 aEspañol1 aAngel , Germán9996401 aBetancur, Liliana9996411 aOssa, Jorge9996421 aCamargo, Mauricio910563 cARTICULO1 tActualidades Biológicash69q121-130d1998g20 c15405d15405